Autumn crop trials (Record no. 67797)

MARC details
000 -LEADER
fixed length control field 00922cam a2200205 4500
001 - CONTROL NUMBER
control field WB3729-35
008 - FIXED-LENGTH DATA ELEMENTS--GENERAL INFORMATION
fixed length control field 010726n2001 000 0 eng u
035 ## - SYSTEM CONTROL NUMBER
System control number (Sirsi) u113806
245 ## - TITLE STATEMENT
Title Autumn crop trials
260 ## - PUBLICATION, DISTRIBUTION, ETC.
Date of publication, distribution, etc. 2001
490 ## - SERIES STATEMENT
Series statement DEFRA News Release
Volume/sequential designation (60/01) 23 July 2001, (3)
520 ## - SUMMARY, ETC.
Summary, etc. Government announces locations of proposed sites for its Farm-Scale Evaluations of genetically modified herbicide tolerant crops. Information about the sites is being provided four weeks before the first seeds will be sown. DEFRA officials will assess the sites and consider the local conditions against the original risk assessment. For more information visit website www.defra.gov.uk
590 ## - LOCAL NOTE (RLIN)
Local note WB
650 ## - SUBJECT ADDED ENTRY--TOPICAL TERM
Topical term or geographic name entry element GENETICALLY MODIFIED CROPS
650 ## - SUBJECT ADDED ENTRY--TOPICAL TERM
Topical term or geographic name entry element FARM SCALE EVALUATIONS
650 ## - SUBJECT ADDED ENTRY--TOPICAL TERM
Topical term or geographic name entry element SCIENTIFIC STEERING COMMITTEE
650 ## - SUBJECT ADDED ENTRY--TOPICAL TERM
Topical term or geographic name entry element TRIAL SITES
690 ## - LOCAL SUBJECT ADDED ENTRY--TOPICAL TERM (OCLC, RLIN)
Topical term or geographic name as entry element RURAL-AGRICULTURE AND FORESTRY
942 ## - ADDED ENTRY ELEMENTS (KOHA)
Suppress in OPAC 0
Holdings
Withdrawn status Lost status Source of classification or shelving scheme Damaged status Not for loan Home library Current library Shelving location Date acquired Total Checkouts Full call number Barcode Date last seen Copy number Price effective from Koha item type
    Dewey Decimal Classification     London London News article 26/07/2001   WB3729-35 113806-1001 06/08/2019 1 06/08/2019 News article